Online
Catalog

La cultura Egipcia / (Record no. 21352)

MARC details
000 -CABECERA
campo de control de longitud fija 00864nam a2200241 a 4500
001 - NÚMERO DE CONTROL
campo de control 000021854
005 - FECHA Y HORA DE LA ÚLTIMA TRANSACCIÓN
campo de control 20200930011457.0
008 - DATOS DE LONGITUD FIJA--INFORMACIÓN GENERAL
campo de control de longitud fija 100913s1953 mx a r 000 | spa d
020 ## - NÚMERO INTERNACIONAL ESTÁNDAR DEL LIBRO
Número Internacional Estándar del Libro 968299523x
040 ## - FUENTE DE LA CATALOGACIÓN
Centro catalogador/agencia de origen DO-SdBNP
Lengua de catalogación spa
Centro/agencia transcriptor BNPHU
082 ## - NÚMERO DE LA CLASIFICACIÓN DECIMAL DEWEY
Número de clasificación xxx
Número de documento/Ítem W746c
049 ## - FONDOS LOCALES (OCLC)
Fondos de biblioteca BNGR
100 1# - ENTRADA PRINCIPAL--NOMBRE DE PERSONA
Nombre de persona Wilson, John A.
9 (RLIN) 45374
240 #0 - TÍTULO UNIFORME
Título uniforme The burden of of. Egypt. An interpretation of ancient culture
Lenguaje de la obra español
245 10 - MENCIÓN DE TÍTULO
Título La cultura Egipcia /
Mención de responsabilidad, etc. John A. Wilson; traducción, Florentino M. Torner.
260 ## - PUBLICACIÓN, DISTRIBUCIÓN, ETC.
Lugar de publicación, distribución, etc. México D. F. :
Nombre del editor, distribuidor, etc. Fondo de Cultura Económica,
Fecha de publicación, distribución, etc. 1953.
300 ## - DESCRIPCIÓN FÍSICA
Extensión 483 p. :
Otras características físicas il. ;
Dimensiones 17.
490 ## - MENCIÓN DE SERIE
Mención de serie Brevarios
500 ## - NOTA GENERAL
Nota general Esta es la 9a reimpresión de la 1a ed.
500 ## - NOTA GENERAL
Nota general Incluye índice de mapas
534 ## - NOTA SOBRE LA VERSIÓN ORIGINAL
Encabezamiento principal del original Título original :
Mención de título del original The burden of of. Egypt. An interpretation of ancient culture
700 1# - PUNTO DE ACCESO ADICIONAL--NOMBRE DE PERSONA
Nombre de persona Torner, Florentino M.
Término indicativo de función/relación tr.
9 (RLIN) 45375
Holdings
Estado de retiro Estado de pérdida Restricciones de uso No para préstamo Código de colección Localización permanente Ubicación/localización actual Ubicación en estantería Fecha de adquisición Número de inventario Total de préstamos Signatura topográfica completa Código de barras Fecha visto por última vez Precio válido a partir de Tipo de ítem Koha
      Excluido de préstamo Monografías: Libros y Folletos General General En catalogación 13.09.2010 LF1   xxx W746c 21854-10 25.06.2020 25.06.2020 No se presta

Powered by Koha